Risk - Gracie Abrams - Statistics

General Stats
  • This quiz has been taken 131 times
  • The average score is 362 of 435
Answer Stats
Hint Answer % Correct
a
100%
I
100%
(I
100%
it
100%
you
100%
You
100%
but
98%
But
98%
I'm
98%
me
98%
and
97%
Pre-Chorus And
97%
No
97%
gonna
95%
in
95%
In
95%
the
95%
to
95%
your
95%
even
93%
Haven't
93%
haven't
93%
invested
93%
risk
93%
take
93%
you're
93%
You're
93%
actually
92%
be
92%
Chorus | Pre-Chorus God
92%
here
92%
met
92%
not
92%
do
90%
this
90%
With
90%
could
89%
die
89%
It's
89%
it's
89%
of
89%
wrong
89%
classic
87%
Heard
87%
thing
87%
at
85%
drowning
85%
fun
85%
out
85%
swim
85%
deep
84%
end
84%
is
84%
Know
84%
more
84%
Watch
84%
him
82%
jumpin'
82%
Verse 1 Look
82%
middle
82%
night
82%
(Night)
82%
now
82%
down
80%
Said
80%
up
80%
up)
80%
wake
80%
wouldn't
80%
like
77%
on
77%
right
77%
light
75%
when
75%
didn't
74%
hunted
74%
my
74%
move
72%
work
72%
don't
70%
feel
70%
girl
70%
had
70%
house
70%
'Cause
69%
bought
67%
just
67%
can
66%
I'll
61%
proud
61%
that
61%
think
61%
Think
61%
find
59%
scared
59%
talk
59%
stare
57%
bad
56%
mouth
56%
probably
56%
love
54%
shootin'
54%
Too
54%
wanna
54%
by
52%
car
52%
Guess
52%
hold
52%
soon
52%
tell
52%
Verse 2 Isn't
51%
thinkin'
51%
touched
51%
been
49%
bend
49%
break
49%
wish
49%
Wish
49%
you'll
49%
'til
48%
Why
48%
yet
48%
bedroom
46%
head
46%
mistake
46%
sweet
46%
aren't
44%
favorite
44%
Hopelessly
44%
without
44%
well
43%
damn
41%
Knowing
41%
someone
41%
yeah
41%
breath
39%
comin'
39%
shakin'
39%
Holding
38%
was
38%
boring
36%
can't
36%
kidding
36%
door
34%
get
33%
want
33%
hate
31%
speak
31%
really
30%
No matching quizzes found
Score Distribution
Percent of People with Each Score
Percentile by Number Answered
Your Score History
You have not taken this quiz